000 00749nam a22002177a 4500
005 20240809161319.0
010 _aENG-140173 ENG-141279
020 _c4250.00
_a9789386432735(SET OF 2)
035 _aEN-123705
035 _aEN-124811
037 _bDBAD
082 _a657.4
_22
100 _aGosain, Sarika
_969855
245 _aPractical Approach to Ind as Implementation:
_bIiiustrations, Summary and Comparisions/
_cBy Sarika Gosain
250 _a2
260 _aNew Delhi
_bBloomsbury Publishing India Pvt. Ltd
_c2016
270 _b New Delhi
_aDDA Complex, LSC Building No. 4, Second Floor, Pocket C-6 & 7, Vasant Kunj
_e110070
300 _a636p.
_c25cm(hb)
490 _vVol 1,VOl 2
942 _2ddc
_cEN
_h657.4
_mGOS
_e2
999 _c202206
_d202206